书目信息 |
| 题名: |
全国公路职工教育获奖论文集
|
|
| 作者: | ;中国交通教育研究会 主编 | |
| 分册: | ||
| 出版信息: | 北京 人民交通出版社股份有限公司 2018 |
|
| 页数: | 527页 | |
| 开本: | 26cm | |
| 丛书名: | ||
| 单 册: | ||
| 中图分类: | U41-53 | |
| 科图分类: | ||
| 主题词: | 道路工程--职工教育--中国--文集 | |
| 电子资源: | ||
| ISBN: | 978-7-114-15128-6 | |
| 000 | 01020nam0 2200241 450 | |
| 001 | 202019134250 | |
| 005 | 20191002113834.0 | |
| 010 | @a978-7-114-15128-6@dCNY100.00 | |
| 100 | @a20190928d2018 em y0chiy50 ea | |
| 101 | 0 | @achi |
| 102 | @aCN@b110000 | |
| 105 | @ay az 000yy | |
| 106 | @ar | |
| 200 | 1 | @a全国公路职工教育获奖论文集@AQuan Guo Gong Lu Zhi Gong Jiao Yu Huo Jiang Lun Wen Ji@e2016-2018@f中国交通教育研究会公路教育分会主编 |
| 210 | @a北京@c人民交通出版社股份有限公司@d2018 | |
| 215 | @a527页@d26cm | |
| 320 | @a有书目 | |
| 330 | @a本书主要将2016年至2018年中国交通教育研究会公路教育分会评选出的全国公路职工教育获奖论文结集出版。内容包括2016年、2017年、2018年三年来,全国公路职工教育获奖论文一、二、三等奖。集中反映公路职工教育热点难点问题和公路职工教育的创新成果。 | |
| 606 | 0 | @a道路工程@x职工教育@y中国@j文集 |
| 690 | @aU41-53@v5 | |
| 711 | 02 | @a中国交通教育研究会@AZhong Guo Jiao Tong Jiao Yu Yan Jiu Hui@b公路教育分会@4主编 |
| 801 | 0 | @aCN@c20190905 |
| 905 | @a河南城建学院图书馆@dU41-53@eZ566 | |
| 全国公路职工教育获奖论文集:2016-2018/中国交通教育研究会公路教育分会主编.-北京:人民交通出版社股份有限公司,2018 |
| 527页;26cm |
| ISBN 978-7-114-15128-6:CNY100.00 |
| 本书主要将2016年至2018年中国交通教育研究会公路教育分会评选出的全国公路职工教育获奖论文结集出版。内容包括2016年、2017年、2018年三年来,全国公路职工教育获奖论文一、二、三等奖。集中反映公路职工教育热点难点问题和公路职工教育的创新成果。 |
| ● |
| 相关链接 |
|
|
|
正题名:全国公路职工教育获奖论文集
索取号:U41-53/Z566
 
预约/预借
| 序号 | 登录号 | 条形码 | 馆藏地/架位号 | 状态 | 备注 |
| 1 | 1442109 | 214421099 | 自科库501/501自科库 51排1列3层/ [索取号:U41-53/Z566] | 在馆 | |
| 2 | 1442110 | 214421106 | 自科库501/501自科库 51排1列3层/ [索取号:U41-53/Z566] | 在馆 |